Podsúvahová evidencia v účtovníctve banky diplomová práca

Uložené v:
Podrobná bibliografia
Hlavný autor: Halaňuková, Dominika
Korporativný autor: Fakulta hospodárskej informatiky EU. Katedra účtovníctva a audítorstva
Ďalší autori: Kadlečíková, Oľga, 1973-
Médium: Kniha
Jazyk:Slovak
Vydavateľské údaje: Bratislava 2023
Tagy: Pridať tag
Žiadne tagy, Buďte prvý, kto otaguje tento záznam!

MARC

LEADER 00000nbm a2200000 4500
001 0294125
005 20240209093722.2
041 0 |a slo 
044 |a SK 
245 1 0 |a Podsúvahová evidencia v účtovníctve banky  |b diplomová práca  |c Dominika Halaňuková ; školiteľ: Oľga Kadlečíková 
264 1 |a Bratislava  |c 2023 
300 |a 56 s. 
100 1 |a Halaňuková, Dominika 
700 1 |a Kadlečíková, Oľga, 1973- 
710 2 |a Fakulta hospodárskej informatiky EU. Katedra účtovníctva a audítorstva